Aktuální právní otazky v řízení jakosti výrobků Sborník přednášek

Salvato in:
Dettagli Bibliografici
Natura: Libro
Lingua:ceco
Pubblicazione: Trutnov Dům kult. ROH 1987
Edizione:1. vyd.
Tags: Aggiungi Tag
Nessun Tag, puoi essere il primo ad aggiungerne!!

MARC

LEADER 00000nam a2200000 4500
001 c034134
005 20221219102448.0
041 0 |a cze 
044 |a CZ 
245 1 0 |a Aktuální právní otazky v řízení jakosti výrobků  |b Sborník přednášek 
250 |a 1. vyd. 
264 1 |a Trutnov  |b Dům kult. ROH  |c 1987 
300 |a 115 s.